Príčiny a východiská globálnej finančnej a hospodárskej krízy

Finančná kríza a je príčiny v ekonomickej teórii. Hospodárska kríza a ekonomika SR. Hodnoty indikátora ekonomického sentimentu (IES) a jeho zložiek v roku 2009.

Enregistré dans:
Détails bibliographiques
Auteur principal: Lesáková, Dagmar, 1949-
Format: Chapitre de livre
Langue:slovaque
Sujets:
Tags: Ajouter un tag
Pas de tags, Soyez le premier à ajouter un tag!

MARC

LEADER 00000naa$a2200000$$$4500
001 0109913
005 20240502072218.4
041 0 |a slo 
044 |a SK 
245 1 0 |a Príčiny a východiská globálnej finančnej a hospodárskej krízy  |c Dagmar Lesáková 
520 |a Finančná kríza a je príčiny v ekonomickej teórii. Hospodárska kríza a ekonomika SR. Hodnoty indikátora ekonomického sentimentu (IES) a jeho zložiek v roku 2009. 
610 2 0 |a kríza finančná 
610 2 0 |a priemysel 
610 2 0 |a politika hospodárska 
610 2 0 |a veda ekonomická 
610 2 0 |a Slovensko 
610 2 0 |a kríza hospodárska 
610 2 0 |a krajiny vyspelé 
100 1 |a Lesáková, Dagmar, 1949-